|
|
|
|
| LEADER |
00000cam a2200000 7i4500 |
| 001 |
0000001651 |
| 005 |
20010907.0 |
| 020 |
0 |
0 |
|a 9251025371
|
| 090 |
0 |
0 |
|a FAO674.2
|b DES 1989
|
| 245 |
0 |
0 |
|a DESIGN manual on basic wood harvesting technology
|
| 260 |
0 |
0 |
|a Rome :
|b Food and Agriculture Organization of the United Nations ,
|c 1989
|
| 300 |
|
|
|a 6v. in 1 :
|b ill. ;
|c 30 cm.
|
| 440 |
0 |
0 |
|a FAO training series; 18
|
| 500 |
0 |
0 |
|a Bk. 1 : Felling, debranching and crosscutting Bk. 2 : Moving and carrying heavy loads by hand Bt. 3 : Moving loads with animal power Bk. 4 : Piling, loading and transport Bk. 5 : Wood handling, barking, sawing and splitting Bk. 6 : Equipment forgeneral use
|
| 650 |
0 |
0 |
|a Lumber trade
|
| 650 |
0 |
0 |
|a Woodworking industries
|
| 710 |
1 |
1 |
|a Food and Agriculture Organization of the United Nations (FAO)
|
| 998 |
|
|
|a JPSM
|
| 999 |
|
|
|a 0000002713
|b Monograph
|c Open Shelf
|e Default branch
|
| 999 |
|
|
|a 0000002925
|b Monograph
|c Open Shelf
|e Default branch
|
| 999 |
|
|
|a 0000002926
|b Monograph
|c Open Shelf
|e Default branch
|
| 999 |
|
|
|a 0000002931
|b Monograph
|c Open Shelf
|e Default branch
|
| 999 |
|
|
|a 0000002932
|b Monograph
|c Open Shelf
|e Default branch
|
| 999 |
|
|
|a 0000002933
|b Monograph
|c Open Shelf
|e Default branch
|
| 999 |
|
|
|a 0000002934
|b Monograph
|c Open Shelf
|e Default branch
|